000 00642nam a2200229 a 4500
008
020 _a080163685X (pbk.)
049 _aMAIN
090 _aQH317
100 _aNoland, George B.
245 _aLaboratory manual in general biology /
_cGeorge B. Noland, William C. Beaver.
250 _a9th ed.
260 _aSaint Louis :
_bC.V. Mosby,
_c1975.
300 _aviii, 180 p. :
_bill. ;
_c25 cm.
650 _aBiology.
700 _aBeaver, William C.
907 _a.b10119899
_b01-07-04
_c29-04-04
003
005 20230123133706.0
040 _cNUST
942 _cBOOKS
_kQH317
999 _c152994
_d152994